Организация технического обслуживания машинно-тракторного парка / (Record no. 237242)
[ view plain ]
| 000 -LEADER | |
|---|---|
| fixed length control field | 00876nam a2200205 a 4500 |
| 001 - CONTROL NUMBER | |
| control field | 000655009 |
| 003 - CONTROL NUMBER IDENTIFIER | |
| control field | AM-YeHGA |
| 005 - DATE AND TIME OF LATEST TRANSACTION | |
| control field | 20250617141350.0 |
| 008 - FIXED-LENGTH DATA ELEMENTS--GENERAL INFORMATION | |
| fixed length control field | 090430s1976 ai | |||||||||||||rus|d |
| 040 ## - CATALOGING SOURCE | |
| Original cataloging agency | AM-YeHGA |
| 041 0# - LANGUAGE CODE | |
| Language code of text/sound track or separate title | rus |
| 090 ## - LOCALLY ASSIGNED LC-TYPE CALL NUMBER (OCLC); LOCAL CALL NUMBER (RLIN) | |
| -- | 238813 |
| 100 1# - MAIN ENTRY--PERSONAL NAME | |
| Personal name | Кузьмичев, Владимир Егорович |
| 245 10 - TITLE STATEMENT | |
| Title | Организация технического обслуживания машинно-тракторного парка / |
| Statement of responsibility, etc. | В.Е. Кузьмичев, М.Г. Трохов. |
| 260 ## - PUBLICATION, DISTRIBUTION, ETC. | |
| Place of publication, distribution, etc. | Челябинск : |
| Name of publisher, distributor, etc. | Южно-Уральское кн. изд-во, |
| Date of publication, distribution, etc. | 1976. |
| 300 ## - PHYSICAL DESCRIPTION | |
| Extent | 88 с. : |
| Other physical details | табл. ; |
| Dimensions | 20 см. |
| 650 14 - SUBJECT ADDED ENTRY--TOPICAL TERM | |
| Topical term or geographic name entry element | Механизация сельского хозяйства |
| 650 14 - SUBJECT ADDED ENTRY--TOPICAL TERM | |
| Topical term or geographic name entry element | Сельскохозяйственные машины и орудия |
| 700 1# - ADDED ENTRY--PERSONAL NAME | |
| Personal name | Трохов, Максим Георгиевич |
| Withdrawn status | Lost status | Damaged status | Not for loan | Collection | Home library | Current library | Date acquired | Total checkouts | Full call number | Barcode | Date last seen | Price effective from | Koha item type | Public note |
|---|---|---|---|---|---|---|---|---|---|---|---|---|---|---|
| General | Fundamental Scientific Library | Fundamental Scientific Library | 29/12/2016 | PII/383046 | FL0363356 | 29/12/2016 | 29/12/2016 | Գրքեր / Books | 30 Days Loan |
ՀՀ Գիտությունների ազգային ակադեմիայի հիմնարար գիտական գրադարան = Fundamental Scientific Library of NAS RA
All site content, except where otherwise noted, is licensed under a